Bedoes "Opowieści z Doliny Smoków" + "2119"EP - Statystyki

Ogólne statystyki
  • Ten quiz został rozwiązany 663 razy
  • Średni wynik to 14 z 25
Statystyki odpowiedzi
OZDS i 2119 % Poprawnych
3 Opowieści z Doliny Smoków
95%
1 1998 (mam to we krwi)
84%
8 Smoki
79%
9 VOGUE
77%
13 Jesteś ładniejsza niż na zdjęciach (na zawsze)
73%
5 Wschód (lubię zapierdalać)
73%
12 Łzy (pierwszy kawałek na tej płycie)
72%
4 Brzydkie Rzeczy
70%
10 Lesbijki
67%
17 FPS
64%
20 Nadchodzi lato
64%
15 Playboy (dla Lanka)
64%
7 Polaco (to też)
62%
2 SAUVAGE
62%
11 Fresh Prince (trill 4ever)
57%
14 Fendi (poznaliśmy się w studio)
54%
6 Anarchia 2019 (zawsze chciałem to zrobić)
52%
18 Hardcore Pleasure
52%
16 Gdzie jest Eis? (to dla Was)
50%
19 Michelangelo
47%
3 Lost
24%
2 Faded
23%
5 European Love
21%
1 Brixton Kallin
20%
4 Kold Nights
18%
Nie znaleziono quizów pasujących do podanych kryteriów
Rozkład punktacji
Procent ludzi z każdym wynikiem
Percentyl według liczby udzielonych odpowiedzi
Twoja historia wyników
Nie rozwiązałeś tego quizu